| Literature - European long fiction | 0 | 3 | 0 | 0 | 30 | 57 | 89.33 | 0 | 1 |
| Science - Physics | 0 | 2 | 0 | 0 | 20 | 82 | 97.50 | 0 | 0 |
| Science - Chemistry | 0 | 2 | 0 | 0 | 20 | 84 | 100.00 | 0 | 0 |
| Literature - European poetry | 0 | 2 | 0 | 2 | 20 | 152 | 152.00 | 0 | 0 |
| Literature - American poetry | 0 | 2 | 0 | 0 | 20 | 64 | 89.50 | 0 | 1 |
| Mythology - Greco/Roman | 0 | 2 | 0 | 0 | 20 | 86 | 103.50 | 0 | 1 |
| Art - Music/Opera | 0 | 2 | 0 | 0 | 20 | 132 | 133.50 | 0 | 0 |
| Mythology - Mixed/Any | 0 | 2 | 1 | 1 | 15 | 103 | 120.00 | 0 | 0 |
| Social Science - Psychology | 0 | 1 | 0 | 0 | 10 | 110 | 110.00 | 0 | 0 |
| Literature - World/Misc drama | 0 | 1 | 0 | 0 | 10 | 110 | 110.00 | 0 | 0 |
| Literature - World/Misc poetry | 0 | 1 | 0 | 0 | 10 | 119 | 119.00 | 0 | 0 |
| Science - Other/CL/Misc | 0 | 1 | 0 | 0 | 10 | 99 | 99.00 | 0 | 0 |
| History - World | 0 | 1 | 0 | 0 | 10 | 129 | 129.00 | 0 | 0 |
| Social Science - IR | 0 | 1 | 0 | 0 | 10 | 128 | 128.00 | 0 | 1 |
| Literature - World/Misc any | 0 | 1 | 0 | 0 | 10 | 125 | 125.00 | 0 | 0 |
| Literature - American long fiction | 0 | 1 | 0 | 0 | 10 | 124 | 124.00 | 0 | 0 |
| Mythology - Norse | 0 | 1 | 0 | 0 | 10 | 115 | 115.00 | 0 | 0 |
| Philosophy - Ancient | 0 | 1 | 0 | 0 | 10 | 125 | 125.00 | 0 | 0 |
| Philosophy - Mixed/Any | 0 | 1 | 0 | 0 | 10 | 140 | 140.00 | 0 | 0 |
| Religion - Christianity/Judaism | 0 | 1 | 0 | 0 | 10 | 132 | 132.00 | 0 | 0 |
| Science - Astronomy | 0 | 1 | 0 | 0 | 10 | 89 | 89.00 | 0 | 0 |
| Literature - American any | 0 | 1 | 0 | 0 | 10 | 111 | 111.00 | 0 | 0 |
| Mythology - Americas | 0 | 0 | 1 | 0 | -5 | | 0.00 | 0 | 0 |
| Science - Biology | 0 | 0 | 1 | 0 | -5 | | 0.00 | 0 | 0 |
| Social Science - Anthropology | 0 | 0 | 1 | 0 | -5 | | 0.00 | 0 | 0 |
| Literature - British short fiction | 0 | 0 | 2 | 0 | -10 | | 0.00 | 0 | 0 |